000 00288nam a22001337a 4500
008 170315b xxu||||| |||| 00| 0 eng d
020 _a9780030089145
041 _aeng
080 _25TH
_a591
100 _a7
101 _aSHM
245 _aINVERTEBRATE ZOOLOGY
_cBARNER
942 _2udc
_cBK
999 _c7809
_d7809